| 000 | 00550nam a2200181Ia 4500 | ||
|---|---|---|---|
| 003 | GCL | ||
| 008 | 140319s9999 xx 000 0 ara d | ||
| 040 |
_aGCL / _cGCL |
||
| 082 | 0 | 4 |
_a813.009 _bم ا |
| 245 | 1 | 0 | _aالادب القصصى عند العرب دراسة نقدية |
| 260 |
_a[S.N] : _bدار الكتاب اللبنانى ، _c1983 |
||
| 300 | _a432 ص | ||
| 490 |
_aالمكتبة القصصية _v0 |
||
| 650 | 0 | 4 | _aالادب العربى |
| 650 | 0 | 4 | _aالقصص العربية |
| 650 | 0 | 4 | _aتاريخ ونقد |
| 942 |
_2ddc _cBK |
||
| 999 |
_c58968 _d58968 |
||